000 00653nam a22001937a 4500
003 0
005 20240909130537.0
008 240909b xxu||||| |||| 00| 0 eng d
020 _a978-1-5296-1948-5
050 _aLB 17
_b.T46 2024
100 _aThompson, Carol
245 _aThe trainee teacher's handbook
_ba companion for initial teacher training
_cCarol Thompson and Peter Wolstencroft
250 _aThird edition
260 _aLondon
_bLearning Matters
_c2024
300 _avi, 316 pages ;
_c25cm.
504 _aIncludes bibliographical references, glossary and index.
650 _aEducation--handbooks, manuals, and etc.
942 _2lcc
_cBK
999 _c366194
_d366194